000 00374nam a2200145Ia 4500
008 230711s9999||||xx |||||||||||||| ||und||
041 _aENG
082 _a624
_bAD-E
100 _aAdeli,H
245 0 _aExpert systems in construction and structural engineering
250 _a1st . Ed.
260 _c1988
_aLondon
_bChapman & Hall
650 _aCivil Engineering
942 _cBK
999 _c3554
_d3554